| 000 | 00351nam a2200121Ia 4500 | ||
|---|---|---|---|
| 008 | 230907s9999||||xx |||||||||||||| ||und|| | ||
| 082 |
_a891.4393 _bNIM |
||
| 245 | 0 | _aمیرے خواب میرے جگنو , Meray khawab meray jugnu / | |
| 260 |
_aIlm-O-Irfan Publiserhs, _bLahore : _c2011 |
||
| 300 | _a144 p. | ||
| 650 | _aUrdu Literature | ||
| 942 | _cBK | ||
| 999 |
_c599723 _d599723 |
||